[Event "DVM U10 2023"]
[Site "Magdeburg GER"]
[Date "2023.12.29"]
[Round "7"]
[White "Goebel, Johannes"]
[Black "Dres, Friedrich"]
[Result "1-0"]
[Termination "normal"]
[Board "18.2"]
[WhiteElo "1043"]
[BlackElo "1007"]
[WhiteClock "00:39:29"]
[BlackClock "00:44:40"]
[WhiteTeam "SK Marburg 1931/72"]
[BlackTeam "SG Trier 1877"]
[PlyCount "119"]
[EventCountry "GER"]
[EventRounds "7"]
[EventType "team-swiss"]
[EventDate "2023.12.27"]

1. e4 {[%clk 00:55:06]} {[%emt 00:00:03]} d5 {[%clk 00:55:06]} {[%emt
00:00:05]} 2. exd5 {[%clk 00:55:00]} {[%emt 00:00:11]} Qxd5 {[%clk 00:55:02]}
{[%emt 00:00:09]} 3. Nc3 {[%clk 00:54:54]} {[%emt 00:00:11]} Qa5 {[%clk
00:55:01]} {[%emt 00:00:07]} 4. Nf3 {[%clk 00:54:36]} {[%emt 00:00:23]} c6
{[%clk 00:55:00]} {[%emt 00:00:06]} 5. d4 {[%clk 00:54:24]} {[%emt 00:00:16]}
Bf5 {[%clk 00:54:53]} {[%emt 00:00:11]} 6. Bd3 {[%clk 00:54:09]} {[%emt
00:00:21]} Bxd3 {[%clk 00:54:48]} {[%emt 00:00:10]} 7. Qxd3 {[%clk 00:54:05]}
{[%emt 00:00:09]} h6 {[%clk 00:54:45]} {[%emt 00:00:08]} 8. O-O {[%clk
00:53:50]} {[%emt 00:00:20]} Nf6 {[%clk 00:54:46]} {[%emt 00:00:05]} 9. Bf4
{[%clk 00:53:16]} {[%emt 00:00:38]} e6 {[%clk 00:54:43]} {[%emt 00:00:09]} 10.
Be5 {[%clk 00:52:46]} {[%emt 00:00:34]} Be7 {[%clk 00:54:37]} {[%emt 00:00:11]}
11. Rfd1 {[%clk 00:51:28]} {[%emt 00:01:23]} O-O {[%clk 00:54:37]} {[%emt
00:00:05]} 12. Ne4 {[%clk 00:50:49]} {[%emt 00:00:44]} Nxe4 {[%clk 00:54:06]}
{[%emt 00:00:36]} 13. Qxe4 {[%clk 00:50:38]} {[%emt 00:00:15]} Nd7 {[%clk
00:53:34]} {[%emt 00:00:38]} 14. b3 {[%clk 00:49:36]} {[%emt 00:01:08]} Rfd8
{[%clk 00:53:22]} {[%emt 00:00:16]} 15. c4 {[%clk 00:49:01]} {[%emt 00:00:40]}
c5 {[%clk 00:53:05]} {[%emt 00:00:21]} 16. d5 {[%clk 00:48:15]} {[%emt
00:00:52]} Nxe5 {[%clk 00:52:36]} {[%emt 00:00:35]} 17. Nxe5 {[%clk 00:47:46]}
{[%emt 00:00:34]} Bf6 {[%clk 00:52:02]} {[%emt 00:00:38]} 18. h3 {[%clk
00:45:53]} {[%emt 00:01:58]} Qc7 {[%clk 00:51:56]} {[%emt 00:00:11]} 19. f4
{[%emt 00:00:57]} g5 {[%clk 00:51:50]} {[%emt 00:00:08]} 20. dxe6 {[%emt
00:00:54]} Rxd1+ {[%clk 00:51:32]} {[%emt 00:00:20]} 21. Rxd1 {[%clk 00:44:05]}
{[%emt 00:00:18]} gxf4 {[%clk 00:51:28]} {[%emt 00:00:09]} 22. exf7+ {[%clk
00:43:53]} {[%emt 00:00:17]} Kh8 {[%clk 00:51:06]} {[%emt 00:00:26]} 23. Re1
{[%clk 00:43:42]} {[%emt 00:00:18]} Qxe5 {[%clk 00:50:38]} {[%emt 00:00:32]}
24. Qxe5 {[%emt 00:00:14]} Bxe5 {[%clk 00:50:33]} {[%emt 00:00:07]} 25. Rxe5
{[%clk 00:43:26]} {[%emt 00:00:16]} Kg7 {[%clk 00:50:32]} {[%emt 00:00:06]} 26.
Rf5 {[%clk 00:43:14]} {[%emt 00:00:17]} Rf8 {[%clk 00:50:29]} {[%emt 00:00:07]}
27. Rxf4 {[%clk 00:43:03]} {[%emt 00:00:16]} Rxf7 {[%clk 00:50:25]} {[%emt
00:00:09]} 28. Rxf7+ {[%clk 00:43:04]} {[%emt 00:00:05]} Kxf7 {[%clk 00:50:17]}
{[%emt 00:00:12]} 29. Kf2 {[%clk 00:42:53]} {[%emt 00:00:16]} Kf6 {[%clk
00:50:14]} {[%emt 00:00:08]} 30. Kf3 {[%clk 00:42:47]} {[%emt 00:00:11]} Kf5
{[%clk 00:50:12]} {[%emt 00:00:08]} 31. g4+ {[%clk 00:42:34]} {[%emt 00:00:17]}
Kg5 {[%clk 00:50:00]} {[%emt 00:00:16]} 32. Kg3 {[%clk 00:42:13]} {[%emt
00:00:28]} Kf6 {[%clk 00:49:51]} {[%emt 00:00:14]} 33. h4 {[%clk 00:42:04]}
{[%emt 00:00:14]} Ke5 {[%emt 00:00:44]} 34. g5 {[%clk 00:41:53]} {[%emt
00:00:02]} hxg5 {[%emt 00:00:10]} 35. hxg5 {[%clk 00:41:52]} {[%emt 00:00:05]}
Kf5 {[%clk 00:49:10]} {[%emt 00:00:16]} 36. Kh4 {[%clk 00:41:42]} {[%emt
00:00:15]} Kg6 {[%clk 00:49:09]} {[%emt 00:00:06]} 37. a3 {[%clk 00:41:32]}
{[%emt 00:00:16]} a5 {[%clk 00:49:05]} {[%emt 00:00:08]} 38. a4 {[%clk
00:41:12]} {[%emt 00:00:25]} b6 {[%clk 00:49:04]} {[%emt 00:00:06]} 39. Kg4
{[%clk 00:41:08]} {[%emt 00:00:10]} Kf7 {[%clk 00:49:01]} {[%emt 00:00:07]} 40.
Kh5 {[%clk 00:40:55]} {[%emt 00:00:18]} Kg7 {[%clk 00:48:59]} {[%emt 00:00:08]}
41. g6 {[%clk 00:40:41]} {[%emt 00:00:19]} Kh8 {[%clk 00:48:57]} {[%emt
00:00:07]} 42. Kh6 {[%clk 00:40:35]} {[%emt 00:00:11]} Kg8 {[%clk 00:48:26]}
{[%emt 00:00:36]} 43. g7 {[%clk 00:40:30]} {[%emt 00:00:10]} Kf7 {[%clk
00:46:47]} {[%emt 00:01:43]} 44. Kh7 {[%clk 00:40:29]} {[%emt 00:00:06]} Ke6
{[%clk 00:46:44]} {[%emt 00:00:08]} 45. g8=Q+ {[%clk 00:40:17]} {[%emt
00:00:10]} Ke5 {[%clk 00:46:44]} {[%emt 00:00:13]} 46. Qd5+ {[%clk 00:40:07]}
{[%emt 00:00:14]} Kf4 {[%clk 00:46:39]} {[%emt 00:00:43]} 47. Qe6 {[%clk
00:40:06]} {[%emt 00:00:10]} Kf3 {[%clk 00:46:25]} {[%emt 00:00:18]} 48. Qe5
{[%emt 00:00:24]} Kg4 {[%clk 00:46:15]} 49. Qf6 {[%clk 00:39:55]} {[%emt
00:00:11]} Kg3 {[%clk 00:46:10]} {[%emt 00:00:09]} 50. Qf5 {[%clk 00:39:52]}
{[%emt 00:00:09]} Kh4 {[%clk 00:45:48]} {[%emt 00:00:26]} 51. Qg6 {[%clk
00:39:50]} {[%emt 00:00:08]} b5 {[%clk 00:45:38]} {[%emt 00:00:15]} 52. cxb5
{[%clk 00:39:42]} {[%emt 00:00:13]} c4 {[%clk 00:45:29]} {[%emt 00:00:15]} 53.
bxc4 {[%clk 00:39:41]} {[%emt 00:00:06]} Kh3 {[%clk 00:45:21]} {[%emt
00:00:12]} 54. Qg5 {[%clk 00:39:42]} {[%emt 00:00:04]} Kh2 {[%clk 00:45:16]}
{[%emt 00:00:10]} 55. Qg4 {[%clk 00:39:41]} {[%emt 00:00:05]} Kh1 {[%clk
00:45:08]} {[%emt 00:00:14]} 56. Kg6 {[%clk 00:39:43]} {[%emt 00:00:03]} Kh2
{[%clk 00:44:59]} {[%emt 00:00:13]} 57. Kf5 {[%clk 00:39:40]} {[%emt 00:00:09]}
Kh1 {[%clk 00:44:51]} {[%emt 00:00:13]} 58. Kf4 {[%clk 00:39:33]} {[%emt
00:00:12]} Kh2 {[%clk 00:44:40]} {[%emt 00:00:16]} 59. Kf3 {[%clk 00:39:29]}
{[%emt 00:00:09]} Kh1 {[%emt 00:00:09]} 60. Qg2# {[%clk 00:39:29]} {[%emt
00:00:06]} 1-0

[Event "DVM U10 2023"]
[Site "Magdeburg GER"]
[Date "2023.12.29"]
[Round "7"]
[White "Tran, Nhat Nam"]
[Black "Mulgunov, Alexej Nikolaj"]
[Result "1-0"]
[Termination "normal"]
[Board "19.1"]
[WhiteElo "1302"]
[BlackElo "1139"]
[WhiteClock "00:50:33"]
[BlackClock "00:39:14"]
[WhiteTeam "Greifswalder SV"]
[BlackTeam "fuß brothers Jena"]
[PlyCount "71"]
[WhiteFideId "34692193"]
[EventCountry "GER"]
[EventRounds "7"]
[EventType "team-swiss"]
[EventDate "2023.12.27"]

1. e4 {[%clk 00:55:08]} {[%emt 00:00:01]} e5 {[%clk 00:55:05]} {[%emt
00:00:05]} 2. Nf3 {[%clk 00:55:07]} {[%emt 00:00:07]} Nc6 {[%clk 00:55:03]}
{[%emt 00:00:06]} 3. Bb5 {[%clk 00:55:03]} {[%emt 00:00:09]} d6 {[%clk
00:54:58]} {[%emt 00:00:07]} 4. d4 {[%clk 00:55:01]} {[%emt 00:00:10]} a6
{[%clk 00:54:41]} {[%emt 00:00:22]} 5. Bxc6+ {[%clk 00:54:53]} {[%emt
00:00:13]} bxc6 {[%clk 00:54:39]} {[%emt 00:00:07]} 6. Nc3 {[%clk 00:54:46]}
{[%emt 00:00:13]} Bg4 {[%clk 00:54:24]} {[%emt 00:00:12]} 7. h3 {[%clk
00:54:30]} {[%emt 00:00:29]} Bxf3 {[%clk 00:53:46]} {[%emt 00:00:23]} 8. gxf3
{[%clk 00:54:32]} {[%emt 00:00:23]} Nf6 {[%clk 00:53:37]} {[%emt 00:00:08]} 9.
Bg5 {[%clk 00:54:32]} {[%emt 00:00:11]} h6 {[%emt 00:00:09]} 10. Bh4 {[%emt
00:00:10]} Be7 {[%clk 00:53:09]} {[%emt 00:00:10]} 11. Rg1 {[%clk 00:54:20]}
{[%emt 00:00:21]} g6 {[%clk 00:52:40]} {[%emt 00:00:34]} 12. dxe5 {[%clk
00:53:59]} {[%emt 00:00:25]} dxe5 {[%clk 00:52:25]} {[%emt 00:00:11]} 13. Bg3
{[%clk 00:52:56]} {[%emt 00:01:18]} Qxd1+ {[%clk 00:51:45]} {[%emt 00:00:40]}
14. Rxd1 {[%clk 00:52:54]} {[%emt 00:00:12]} Bd6 {[%clk 00:51:35]} {[%emt
00:00:10]} 15. Ke2 {[%clk 00:52:35]} {[%emt 00:00:29]} O-O-O {[%clk 00:50:10]}
{[%emt 00:01:02]} 16. a3 {[%clk 00:52:33]} {[%emt 00:00:36]} h5 {[%emt
00:00:40]} 17. Bh4 {[%emt 00:00:16]} Be7 {[%clk 00:48:47]} {[%emt 00:00:27]}
18. Rxd8+ {[%clk 00:52:09]} {[%emt 00:00:34]} Rxd8 {[%clk 00:48:42]} {[%emt
00:00:10]} 19. Rd1 {[%clk 00:52:07]} {[%emt 00:00:07]} Rd4 {[%emt 00:01:04]}
20. Rxd4 {[%emt 00:00:57]} exd4 {[%clk 00:46:28]} {[%emt 00:00:09]} 21. Na2
{[%clk 00:52:07]} {[%emt 00:00:14]} Kd7 {[%clk 00:46:16]} {[%emt 00:00:11]} 22.
Kd3 {[%clk 00:52:04]} {[%emt 00:00:14]} c5 {[%clk 00:46:00]} {[%emt 00:00:15]}
23. b4 {[%clk 00:51:54]} {[%emt 00:00:21]} Ke6 {[%clk 00:45:20]} {[%emt
00:00:35]} 24. f4 {[%clk 00:51:40]} {[%emt 00:00:29]} Nd7 {[%clk 00:44:30]}
{[%emt 00:00:48]} 25. Bxe7 {[%clk 00:51:37]} {[%emt 00:00:14]} Kxe7 {[%clk
00:44:25]} 26. bxc5 {[%clk 00:51:34]} {[%emt 00:00:19]} Ke6 {[%emt 00:00:57]}
27. Kxd4 {[%emt 00:00:11]} c6 {[%clk 00:43:11]} {[%emt 00:00:07]} 28. Nb4
{[%emt 00:00:12]} Nb8 {[%emt 00:00:11]} 29. c4 {[%emt 00:00:32]} a5 {[%clk
00:42:05]} {[%emt 00:00:09]} 30. Nd3 {[%clk 00:51:14]} {[%emt 00:00:40]} f5
{[%clk 00:41:47]} {[%emt 00:00:20]} 31. e5 {[%clk 00:51:04]} {[%emt 00:00:18]}
Nd7 {[%clk 00:40:42]} {[%emt 00:01:02]} 32. Nb2 {[%clk 00:50:48]} {[%emt
00:00:28]} h4 {[%emt 00:00:45]} 33. Na4 {[%emt 00:00:08]} Ke7 {[%clk 00:39:32]}
{[%emt 00:00:16]} 34. Nb6 {[%clk 00:50:43]} {[%emt 00:00:17]} Nxb6 {[%clk
00:39:24]} {[%emt 00:00:07]} 35. cxb6 {[%clk 00:50:44]} {[%emt 00:00:10]} Kd7
{[%clk 00:39:14]} {[%emt 00:00:15]} 36. Kc5 {[%clk 00:50:33]} {[%emt 00:00:16]}
1-0

[Event "DVM U10 2023"]
[Site "Magdeburg GER"]
[Date "2023.12.29"]
[Round "7"]
[White "Glöckner, Jakob"]
[Black "Zarbock, Tim Pepe"]
[Result "1-0"]
[Termination "normal"]
[Board "19.2"]
[WhiteElo "865"]
[BlackElo "756"]
[WhiteClock "00:27:04"]
[BlackClock "00:38:27"]
[WhiteTeam "fuß brothers Jena"]
[BlackTeam "Greifswalder SV"]
[PlyCount "117"]
[EventCountry "GER"]
[EventRounds "7"]
[EventType "team-swiss"]
[EventDate "2023.12.27"]

1. e4 {[%clk 00:55:02]} {[%emt 00:00:01]} e5 {[%clk 00:55:06]} {[%emt
00:00:05]} 2. Nf3 {[%clk 00:55:04]} {[%emt 00:00:03]} Nc6 {[%clk 00:55:04]}
{[%emt 00:00:07]} 3. Bc4 {[%clk 00:55:06]} {[%emt 00:00:02]} Bc5 {[%clk
00:55:03]} {[%emt 00:00:07]} 4. Nc3 {[%clk 00:55:09]} {[%emt 00:00:03]} Nf6
{[%clk 00:55:00]} {[%emt 00:00:07]} 5. d3 {[%clk 00:55:10]} {[%emt 00:00:04]}
d6 {[%emt 00:00:50]} 6. h3 {[%clk 00:54:33]} Be6 {[%clk 00:54:38]} {[%emt
00:00:24]} 7. Bg5 {[%clk 00:54:23]} {[%emt 00:00:16]} h6 {[%clk 00:53:59]}
{[%emt 00:00:43]} 8. Bh4 {[%clk 00:54:26]} {[%emt 00:00:02]} Qd7 {[%clk
00:51:41]} {[%emt 00:02:24]} 9. Bxe6 {[%emt 00:00:29]} fxe6 {[%emt 00:00:07]}
10. O-O {[%clk 00:53:26]} {[%emt 00:00:28]} O-O-O {[%clk 00:51:37]} {[%emt
00:00:09]} 11. a3 {[%clk 00:51:09]} {[%emt 00:02:22]} Nd4 {[%clk 00:49:05]}
{[%emt 00:02:36]} 12. b4 {[%clk 00:50:17]} {[%emt 00:00:57]} Nxf3+ {[%clk
00:48:27]} {[%emt 00:00:43]} 13. Qxf3 {[%emt 00:00:41]} Bd4 {[%emt 00:00:25]}
14. Na2 {[%clk 00:47:02]} {[%emt 00:02:15]} Bxa1 {[%clk 00:48:20]} {[%emt
00:00:11]} 15. Rxa1 {[%emt 00:00:07]} Qf7 {[%emt 00:00:14]} 16. Nc3 {[%clk
00:45:16]} {[%emt 00:01:31]} d5 {[%clk 00:47:36]} {[%emt 00:00:49]} 17. b5
{[%clk 00:43:38]} {[%emt 00:01:43]} dxe4 {[%clk 00:47:31]} {[%emt 00:00:10]}
18. Nxe4 {[%clk 00:43:29]} {[%emt 00:00:13]} g5 {[%clk 00:46:42]} {[%emt
00:00:56]} 19. Nxf6 {[%emt 00:00:35]} gxh4 {[%emt 00:00:10]} 20. Ne4 {[%clk
00:39:13]} {[%emt 00:03:35]} Qxf3 {[%clk 00:46:33]} {[%emt 00:00:13]} 21. gxf3
{[%clk 00:39:01]} {[%emt 00:00:05]} Rhg8+ {[%clk 00:46:17]} {[%emt 00:00:34]}
22. Kf1 {[%clk 00:38:15]} {[%emt 00:00:52]} Rdf8 {[%clk 00:45:26]} {[%emt
00:00:56]} 23. Ke2 {[%clk 00:38:04]} {[%emt 00:00:15]} Rf4 {[%clk 00:43:59]}
{[%emt 00:01:31]} 24. c4 {[%clk 00:37:26]} {[%emt 00:00:44]} Rgf8 {[%clk
00:43:25]} {[%emt 00:00:39]} 25. Rh1 {[%clk 00:36:54]} {[%emt 00:00:36]} Rxf3
{[%clk 00:42:51]} {[%emt 00:00:39]} 26. a4 {[%clk 00:35:51]} {[%emt 00:01:09]}
R3f7 {[%clk 00:42:25]} {[%emt 00:00:30]} 27. c5 {[%clk 00:33:44]} {[%emt
00:02:13]} c6 {[%clk 00:42:12]} {[%emt 00:00:18]} 28. Nd6+ {[%clk 00:33:36]}
{[%emt 00:00:12]} Kc7 {[%clk 00:42:00]} {[%emt 00:00:17]} 29. Nxf7 {[%emt
00:00:13]} Rxf7 {[%emt 00:00:05]} 30. bxc6 {[%emt 00:00:28]} bxc6 {[%emt
00:00:07]} 31. Rg1 {[%clk 00:32:17]} {[%emt 00:00:31]} Rf4 {[%clk 00:41:35]}
{[%emt 00:00:31]} 32. Rg7+ {[%clk 00:32:10]} {[%emt 00:00:11]} Kb8 {[%clk
00:40:59]} {[%emt 00:00:41]} 33. a5 {[%clk 00:31:54]} {[%emt 00:00:21]} Ra4
{[%clk 00:40:39]} {[%emt 00:00:25]} 34. Rg6 {[%emt 00:00:06]} Rxa5 {[%clk
00:40:32]} {[%emt 00:00:11]} 35. Rxe6 {[%emt 00:00:17]} Rxc5 {[%emt 00:00:10]}
36. Rxh6 {[%emt 00:00:06]} a6 {[%emt 00:00:07]} 37. Rxh4 {[%emt 00:00:30]} a5
{[%emt 00:00:19]} 38. Ra4 {[%clk 00:30:22]} {[%emt 00:00:10]} Rb5 {[%clk
00:40:26]} {[%emt 00:00:11]} 39. f3 {[%clk 00:30:15]} {[%emt 00:00:11]} Kb7
{[%clk 00:40:10]} {[%emt 00:00:21]} 40. Kd2 {[%clk 00:30:02]} {[%emt 00:00:18]}
Rb4 {[%clk 00:39:16]} {[%emt 00:00:59]} 41. Rxa5 {[%emt 00:00:08]} Rb5 {[%emt
00:00:19]} 42. Rxb5+ {[%emt 00:00:05]} cxb5 {[%emt 00:00:06]} 43. h4 {[%emt
00:00:22]} b4 {[%clk 00:39:03]} {[%emt 00:00:15]} 44. h5 {[%clk 00:29:13]}
{[%emt 00:00:02]} Kb6 {[%clk 00:38:58]} {[%emt 00:00:10]} 45. h6 {[%clk
00:28:58]} {[%emt 00:00:20]} Kb5 {[%clk 00:38:53]} {[%emt 00:00:11]} 46. h7
{[%clk 00:28:53]} {[%emt 00:00:10]} b3 {[%clk 00:38:52]} {[%emt 00:00:06]} 47.
Kc3 {[%clk 00:28:37]} {[%emt 00:00:21]} Ka4 {[%clk 00:38:55]} {[%emt 00:00:07]}
48. Kb2 {[%clk 00:28:39]} {[%emt 00:00:07]} Kb4 {[%clk 00:38:54]} {[%emt
00:00:06]} 49. h8=Q {[%emt 00:00:08]} Ka4 {[%emt 00:00:10]} 50. Qxe5 {[%emt
00:00:08]} Kb4 {[%emt 00:00:08]} 51. Qe4+ {[%clk 00:27:56]} {[%emt 00:00:14]}
Kc5 {[%clk 00:38:51]} {[%emt 00:00:08]} 52. f4 {[%clk 00:27:56]} {[%emt
00:00:04]} Kd6 {[%clk 00:38:46]} {[%emt 00:00:11]} 53. f5 {[%clk 00:27:52]}
{[%emt 00:00:08]} Kc5 {[%clk 00:38:44]} {[%emt 00:00:07]} 54. f6 {[%clk
00:27:45]} {[%emt 00:00:24]} Kb5 {[%clk 00:38:40]} 55. f7 {[%clk 00:27:39]}
{[%emt 00:00:18]} Ka5 {[%emt 00:00:24]} 56. f8=Q {[%clk 00:27:22]} Kb6 {[%clk
00:38:35]} {[%emt 00:00:13]} 57. Qe6+ {[%clk 00:27:18]} Kc7 {[%clk 00:38:33]}
{[%emt 00:00:16]} 58. Qff7+ {[%emt 00:00:13]} Kd8 {[%clk 00:38:27]} {[%emt
00:00:09]} 59. Qee8# {[%clk 00:27:04]} {[%emt 00:00:08]} 1-0

[Event "DVM U10 2023"]
[Site "Magdeburg GER"]
[Date "2023.12.29"]
[Round "7"]
[White "Ziem, Ole"]
[Black "Börner, Martha"]
[Result "1-0"]
[Termination "normal"]
[Board "20.1"]
[WhiteElo "1391"]
[BlackElo "1146"]
[WhiteClock "00:36:50"]
[BlackClock "00:35:33"]
[WhiteTeam "USC Magdeburg"]
[BlackTeam "SV Eintracht Tangerhütte"]
[PlyCount "65"]
[WhiteFideId "34624791"]
[BlackFideId "34665382"]
[EventCountry "GER"]
[EventRounds "7"]
[EventType "team-swiss"]
[EventDate "2023.12.27"]

1. c4 {[%clk 00:55:06]} {[%emt 00:00:04]} e5 {[%clk 00:55:01]} {[%emt
00:00:09]} 2. g3 {[%clk 00:55:07]} {[%emt 00:00:04]} c5 {[%clk 00:54:54]}
{[%emt 00:00:13]} 3. Bg2 {[%clk 00:55:06]} {[%emt 00:00:06]} Nc6 {[%clk
00:54:51]} {[%emt 00:00:08]} 4. e3 {[%clk 00:55:01]} {[%emt 00:00:09]} Nf6
{[%clk 00:54:47]} {[%emt 00:00:08]} 5. Ne2 {[%clk 00:55:03]} {[%emt 00:00:04]}
g6 {[%clk 00:54:38]} {[%emt 00:00:15]} 6. Nbc3 {[%clk 00:55:01]} {[%emt
00:00:07]} Bg7 {[%clk 00:54:33]} {[%emt 00:00:09]} 7. O-O {[%clk 00:54:59]}
{[%emt 00:00:07]} O-O {[%clk 00:54:33]} {[%emt 00:00:05]} 8. f4 {[%clk
00:54:35]} {[%emt 00:00:29]} b6 {[%clk 00:53:01]} {[%emt 00:01:37]} 9. fxe5
{[%clk 00:54:32]} {[%emt 00:00:08]} Ng4 {[%clk 00:52:22]} {[%emt 00:00:41]} 10.
d4 {[%clk 00:53:12]} {[%emt 00:01:28]} Rb8 {[%clk 00:51:19]} {[%emt 00:01:06]}
11. h3 {[%clk 00:52:38]} {[%emt 00:00:41]} Nh6 {[%clk 00:50:21]} {[%emt
00:01:03]} 12. Nd5 {[%clk 00:49:25]} {[%emt 00:03:18]} Nf5 {[%clk 00:47:55]}
{[%emt 00:02:25]} 13. e4 {[%clk 00:47:21]} {[%emt 00:02:14]} Nfxd4 {[%clk
00:47:21]} {[%emt 00:00:39]} 14. Nxd4 {[%clk 00:47:15]} {[%emt 00:00:11]} cxd4
{[%clk 00:47:16]} {[%emt 00:00:10]} 15. Nf6+ {[%clk 00:47:10]} {[%emt
00:00:10]} Bxf6 {[%clk 00:46:28]} {[%emt 00:00:54]} 16. exf6 {[%clk 00:47:07]}
{[%emt 00:00:09]} Ba6 {[%clk 00:46:01]} {[%emt 00:00:30]} 17. Qd2 {[%clk
00:46:36]} {[%emt 00:00:37]} Qxf6 {[%clk 00:43:40]} {[%emt 00:02:26]} 18. Rxf6
{[%clk 00:46:34]} {[%emt 00:00:07]} Bxc4 {[%clk 00:43:08]} {[%emt 00:00:37]}
19. Qf2 {[%clk 00:45:42]} {[%emt 00:00:56]} Rbe8 {[%clk 00:41:49]} {[%emt
00:01:22]} 20. Bh6 {[%clk 00:45:40]} {[%emt 00:00:11]} Re7 {[%clk 00:41:08]}
{[%emt 00:00:43]} 21. Bxf8 {[%clk 00:45:38]} {[%emt 00:00:09]} Kxf8 {[%clk
00:41:03]} {[%emt 00:00:10]} 22. Bf1 {[%clk 00:45:17]} {[%emt 00:00:25]} Bxf1
{[%clk 00:40:43]} {[%emt 00:00:27]} 23. Rxf1 {[%clk 00:45:16]} {[%emt
00:00:06]} Ne5 {[%clk 00:40:33]} {[%emt 00:00:14]} 24. Qxd4 {[%clk 00:44:14]}
{[%emt 00:01:08]} h6 {[%clk 00:39:29]} {[%emt 00:01:09]} 25. Qd2 {[%clk
00:44:04]} {[%emt 00:00:16]} h5 {[%clk 00:38:47]} {[%emt 00:00:46]} 26. Qd6
{[%clk 00:41:53]} {[%emt 00:02:16]} b5 {[%clk 00:37:35]} {[%emt 00:01:18]} 27.
Rc1 {[%clk 00:38:09]} {[%emt 00:03:49]} a5 {[%clk 00:36:51]} {[%emt 00:00:49]}
28. Rc8+ {[%clk 00:38:07]} {[%emt 00:00:06]} Kg7 {[%clk 00:36:41]} {[%emt
00:00:15]} 29. Qxe7 {[%clk 00:37:33]} {[%emt 00:00:39]} d6 {[%clk 00:36:16]}
{[%emt 00:00:30]} 30. Rxd6 {[%clk 00:37:04]} {[%emt 00:00:34]} Nf3+ {[%clk
00:36:02]} {[%emt 00:00:19]} 31. Kf2 {[%clk 00:36:57]} {[%emt 00:00:12]} Ng5
{[%clk 00:35:47]} {[%emt 00:00:19]} 32. Qf8+ {[%clk 00:36:48]} {[%emt
00:00:14]} Kh7 {[%clk 00:35:33]} {[%emt 00:00:17]} 33. Qh8# {[%clk 00:36:50]}
{[%emt 00:00:05]} 1-0

[Event "DVM U10 2023"]
[Site "Magdeburg GER"]
[Date "2023.12.29"]
[Round "7"]
[White "Goecking, Mats"]
[Black "Tran, Gia Huy"]
[Result "0-1"]
[Termination "normal"]
[Board "20.2"]
[WhiteElo "1050"]
[BlackElo "1200"]
[WhiteClock "00:38:08"]
[BlackClock "00:25:57"]
[WhiteTeam "SV Eintracht Tangerhütte"]
[BlackTeam "USC Magdeburg"]
[PlyCount "58"]
[WhiteFideId "34627383"]
[BlackFideId "34624813"]
[EventCountry "GER"]
[EventRounds "7"]
[EventType "team-swiss"]
[EventDate "2023.12.27"]

1. e4 {[%clk 00:55:09]} e5 {[%clk 00:54:55]} {[%emt 00:00:16]} 2. Nf3 {[%clk
00:55:09]} {[%emt 00:00:05]} Nc6 {[%clk 00:54:45]} {[%emt 00:00:14]} 3. Bc4
{[%clk 00:55:07]} {[%emt 00:00:09]} Bc5 {[%clk 00:54:32]} {[%emt 00:00:18]} 4.
c3 {[%clk 00:55:06]} {[%emt 00:00:06]} Nf6 {[%clk 00:53:59]} {[%emt 00:00:38]}
5. d4 {[%clk 00:54:58]} {[%emt 00:00:13]} exd4 {[%clk 00:53:21]} {[%emt
00:00:41]} 6. cxd4 {[%clk 00:54:51]} {[%emt 00:00:12]} Bb4+ {[%clk 00:52:27]}
{[%emt 00:00:59]} 7. Bd2 {[%clk 00:54:30]} {[%emt 00:00:26]} Nxe4 {[%clk
00:49:28]} {[%emt 00:03:04]} 8. Bxb4 {[%clk 00:53:31]} {[%emt 00:01:04]} Nxb4
{[%clk 00:48:55]} {[%emt 00:00:38]} 9. O-O {[%clk 00:51:56]} {[%emt 00:01:40]}
d5 {[%clk 00:47:06]} {[%emt 00:01:54]} 10. Bb3 {[%clk 00:49:19]} {[%emt
00:02:42]} Bg4 {[%clk 00:46:05]} {[%emt 00:01:06]} 11. Re1 {[%clk 00:48:33]}
{[%emt 00:00:49]} O-O {[%clk 00:45:30]} {[%emt 00:00:43]} 12. a3 {[%clk
00:48:16]} {[%emt 00:00:23]} Nc6 {[%clk 00:44:30]} {[%emt 00:01:04]} 13. Bc2
{[%clk 00:47:24]} {[%emt 00:00:57]} Ng5 {[%clk 00:42:39]} {[%emt 00:01:56]} 14.
Qd3 {[%clk 00:47:05]} {[%emt 00:00:23]} g6 {[%clk 00:41:15]} {[%emt 00:01:29]}
15. Nh4 {[%clk 00:46:29]} {[%emt 00:00:40]} Qf6 {[%clk 00:39:44]} {[%emt
00:01:37]} 16. Nd2 {[%clk 00:45:48]} {[%emt 00:00:45]} Nxd4 {[%clk 00:38:07]}
{[%emt 00:01:42]} 17. Bb1 {[%clk 00:45:14]} {[%emt 00:00:40]} Rfe8 {[%clk
00:36:32]} {[%emt 00:01:41]} 18. Rxe8+ {[%emt 00:01:46]} Rxe8 {[%clk 00:35:47]}
{[%emt 00:00:01]} 19. Ba2 {[%clk 00:43:58]} {[%emt 00:00:21]} c6 {[%clk
00:34:25]} {[%emt 00:01:35]} 20. h3 {[%clk 00:42:46]} {[%emt 00:01:17]} Bf5
{[%clk 00:33:18]} {[%emt 00:01:11]} 21. Qf1 {[%clk 00:42:20]} {[%emt 00:00:30]}
Ne4 {[%clk 00:32:01]} {[%emt 00:01:23]} 22. Nxe4 {[%clk 00:41:44]} {[%emt
00:00:41]} Bxe4 {[%clk 00:31:14]} {[%emt 00:00:51]} 23. Nf3 {[%clk 00:40:48]}
{[%emt 00:01:01]} Bxf3 {[%clk 00:30:39]} {[%emt 00:00:40]} 24. gxf3 {[%clk
00:40:16]} {[%emt 00:00:36]} Qg5+ {[%clk 00:28:51]} {[%emt 00:01:53]} 25. Qg2
{[%clk 00:39:28]} {[%emt 00:00:54]} Nxf3+ {[%clk 00:27:57]} {[%emt 00:00:59]}
26. Kf1 {[%clk 00:39:04]} {[%emt 00:00:29]} Qxg2+ {[%clk 00:27:30]} {[%emt
00:00:31]} 27. Kxg2 {[%clk 00:38:41]} {[%emt 00:00:28]} Nd4 {[%clk 00:26:48]}
{[%emt 00:00:48]} 28. Rd1 {[%clk 00:38:15]} {[%emt 00:00:31]} Ne6 {[%clk
00:26:12]} {[%emt 00:00:40]} 29. Rd3 {[%clk 00:38:08]} {[%emt 00:00:13]} Nf4+
{[%clk 00:25:57]} {[%emt 00:00:20]} 0-1